Využitie látok ovplyvňujúcich metabolizmus sfingolipidov v terapii nádorových ochorení

Saved in:
Bibliographic Details
Main Author: Jančičeková, Anna (Author)
Other Authors: Lakatoš, Boris (Thesis advisor)
Format: Manuscript Book
Language:Slovak
Published: 2015
Subjects:
Online Access:http://is.stuba.sk/zp/portal_zp.pl?podrobnosti=102134
Tags: Add Tag
No Tags, Be the first to tag this record!

MARC

LEADER 00000ntm a22000003a 4500
001 stuzp53096
003 SK-STU
005 20160719154358.9
007 ta
008 150427s2015----xo-----f-mn---000-0-slo-d
040 |a STU  |b slo 
041 0 |a slo 
100 1 |a Jančičeková, Anna  |u 043260  |4 aut  |U FCHPT Ústav biochémie, výživy a ochrany zdravia  |T FCHPT Oddelenie biochémie a mikrobiológie  |X 61432  |U C3260  |Y 113  |7 61432 
242 0 1 |a Utilization of Substances Influencing Sphingolipids Metabolism in Tumor Diseases Therapies  |y eng 
245 1 0 |a Využitie látok ovplyvňujúcich metabolizmus sfingolipidov v terapii nádorových ochorení 
260 |c 2015 
650 4 |a sfingolipidy  |2 slo 
650 4 |a sfingozín  |2 slo 
650 4 |a analógy ceramidu  |2 slo 
650 4 |a enzýmové inhibítory  |2 slo 
650 4 |a ceramid  |2 slo 
650 4 |a sphingolipids  |2 eng 
650 4 |a ceramide analogues  |2 eng 
650 4 |a enzymes inhibitors  |2 eng 
650 4 |a ceramide  |2 eng 
650 4 |a sphingosine  |2 eng 
700 1 |a Lakatoš, Boris  |4 ths  |X 4011  |7 A000004011 
856 4 |u http://is.stuba.sk/zp/portal_zp.pl?podrobnosti=102134 
SQL |a stuzp53096  |b DBP  |c SLO  |d Využitie látok ovplyvňujúcich metabolizmus sfingolipidov v terapii nádorových ochorení  |e 61432  |f Jančičeková, Anna  |g 043260  |h 4011  |i Lakatoš, Boris  |j 20150716  |k 520  |l 04  |m http://is.stuba.sk/zp/portal_zp.pl?podrobnosti=102134  |n B-oVYKOZ  |o 5.2.24. potravinárstvo